| 000 | 02503nam a2200301 4500 | ||
|---|---|---|---|
| 001 | 433 | ||
| 003 | OSt | ||
| 005 | 20250625075651.0 | ||
| 008 | 250625b |||||||g |||| 00| 1 eng d | ||
| 020 | _a9788525060495 | ||
| 040 | _bpor | ||
| 041 |
_heng _apor |
||
| 082 |
_a028.5 _bK33g |
||
| 100 | 1 |
_aKeating, Lucy _9936 |
|
| 240 | _aDreamology | ||
| 245 |
_aO Garoto dos meus Sonhos / _cKeating, Lucy ; Tradução de Luisa Geisler |
||
| 260 |
_aSão Paulo _bGlobo Alt _c2016 |
||
| 300 | _a264 p. | ||
| 520 | _aDesde quando consegue se lembrar, Alice tem sonhado com Max. Juntos eles viajaram o mundo, passearam em elefantes cor-de-rosa, fizeram guerra de biscoitos no Metropolitan Museum of Art... e acabaram se apaixonando. Max é o garoto dos sonhos – e somente dos sonhos – até o dia em que Alice o vê, surpreendentemente, na vida real. Mas ele não faz ideia de quem ela é... Ou faz? Enquanto começam a se conhecer, Alice percebe que o Max dos Sonhos em nada se parece com o Max Real. Ele é complicado e teimoso, além de ter uma namorada e uma vida inteira da qual Alice não faz parte. Quando coisas fantásticas dos sonhos começam estranhamente a aparecer na vida real – como pavões gigantes que falam, folhas de outono cor-de-rosa incandescente, e constelações de estrelas coloridas –, Alice e Max precisam tomar a difícil decisão de fazer isso tudo parar. Mesmo que os sonhos sejam mais encantadores que a realidade, seria realmente bom viver neles para sempre? A história mostra um ingênuo senhor rural cujo passatempo favorito era a leitura de livros de cavalaria. Na sua obsessão, acreditava literalmente nas aventuras escritas e decide tornar-se um cavaleiro andante. Suas viagens sucedem-se sob a alucinação de que estava vivendo na era da cavalaria; pessoas que encontrava nas estradas pareciam-lhe como cavaleiros em armas, damas em apuros, gigantes e monstros; até moinhos de vento na sua imaginação eram seres vivos. Combatendo as injustiças, o personagem enfrenta situações penosas e ridículas, mantendo, porém, uma figura nobre e patética. Ao final, Dom Quixote volta à razão, renuncia aos romances de cavalaria e morre como piedoso cristão. | ||
| 650 | 0 |
_aLiteratura Americana _984 |
|
| 650 | 0 |
_aRomance para Adolescente _9937 |
|
| 650 | 0 |
_aAmor e Paixão _925 |
|
| 650 | 0 |
_aPrimeiras desilusões amorosas _9944 |
|
| 655 | 0 |
_aRomance _923 |
|
| 655 | 0 |
_aFicção _922 |
|
| 700 |
_aLuisa Geisler _eTRADUTOR _9943 |
||
| 942 |
_2ddc _n0 _cBK |
||
| 999 |
_c433 _d433 |
||